Ακρόπολη
Αποθηκεύτηκε σε:
| Κύριος συγγραφέας: | |
|---|---|
| Μορφή: | Βιβλίο |
| Γλώσσα: | Greek |
| Δημοσίευση: |
Αθήνα :
Εκδοτική Αθηνών ,
c1987.
|
| Θέματα: | |
| Ετικέτες: |
Προσθήκη ετικέτας
Δεν υπάρχουν, Καταχωρήστε ετικέτα πρώτοι!
|
MARC
| LEADER | 00000cam a2200000 i 4500 | ||
|---|---|---|---|
| 001 | 1/87735 | ||
| 008 | 960917s1987 gr | ||| |||| ||gre|| | ||
| 020 | |a 9602131756 | ||
| 035 | |a 1992 |b 3 |c Ανθουλιάς |l 10035319 | ||
| 040 | |a GR-MyUa |b gre |e AACR2 | ||
| 041 | 0 | |a gre | |
| 082 | 7 | |a 708.9385 |2 (22) | |
| 082 | 7 | |a 914.9512 |2 (22) | |
| 100 | 1 | |a Ανδρόνικος, Mανόλης, |d 1919-1992. | |
| 245 | 1 | 0 | |a Ακρόπολη / |c Μανόλης Ανδρόνικος. |
| 260 | |a Αθήνα : |b Εκδοτική Αθηνών , |c c1987. | ||
| 300 | |a 104 σ. : |b εικ., χάρ. ; |c 24 εκ. | ||
| 500 | |a Το παράρτημα Ρόδου έχει την επανέκδοση του 1991. | ||
| 500 | |a Το παράρτημα Σύρου έχει την επανέκδοση του 2005. | ||
| 610 | 2 | 0 | |a Αρχαιολογικό Μουσείο Ακροπόλεως. |
| 651 | 0 | |a Acropolis (Athens, Greece) |v Guidebooks. | |
| 852 | |a INST |b RHODES |e 19960917 |h 708.9385 ΑΝΔ |p 005400009687 |q 005400009687 |t REF |y 23 | ||
| 852 | |a INST |b SYROS |e 20090310 |h 914.9512 ΑΝΔ |p 005500008596 |q 005500008596 |t BK |y 0 | ||
| 901 | |a BIBL5-2009-1 | ||
| 922 | |a 5ΕΛΗ |b 200711 |c ΕΠΕΑΕΚ2/ΤΜΣΠΣ |d Σ. Πατάκης | ||
| 970 | |a Καγιαβά |b Ειρήνη |z 10/03/2009 | ||